000 00623nam a22002177a 4500
003 KOHA_MİRAKIL
005 20260330112457.0
008 260330b tu ||||| |||| 00| 0 tur d
020 _a9789759596354
040 _aTR-AnABB
_btur
_cTR-AnABB
041 _atur
082 _a158.1
_bERC 2008
100 1 _aErcan, Ahmet Rahmi
245 1 0 _aYaşam boyu başarı /
_cAhmet Rahmi Ercan
246 _aDünya ünlülerinden görüşlerle
250 _aGeliştirilmiş 4. baskı
260 _aAnkara :
_b[yayl. y.] ,
_c2008
300 _a169 sayfa ;
_c18 cm
650 0 4 _aKişisel gelişim
942 _2ddc
_cBK
999 _c10082
_d10082
900 _bCan ÇELIK